[Event "4NCL"]
[Site "Barcelo Hotel, Hinckley Island"]
[Date "2011.01.15"]
[Round "3.18"]
[White "Rose, Matthew"]
[Black "Palliser, Richard JD"]
[Result "1/2-1/2"]
[WhiteElo "2276"]
[BlackElo "2445"]
[PlyCount "45"]
[EventDate "2011.??.??"]
[WhiteTeam "Oxford 1"]
[BlackTeam "White Rose 1"]

1. e4 e6 2. d4 d5 3. Nd2 Nc6 4. Ngf3 Nf6 5. e5 Nd7 6. c3 f6 7. exf6 Qxf6 8. Bb5
Bd6 9. Nf1 e5 10. dxe5 Ncxe5 11. Nxe5 Qxe5+ 12. Be3 O-O 13. Qd4 c5 14. Qxe5
Nxe5 15. O-O-O Be6 16. Be2 d4 17. cxd4 cxd4 18. Rxd4 Rac8+ 19. Kb1 Bc5 20. Rd1
Bxe3 21. Nxe3 Rxf2 22. Rhe1 Nc6 23. Bf3 1/2-1/2

[Event "4NCL"]
[Site "Barcelo Hotel, Hinckley Island"]
[Date "2011.01.15"]
[Round "3.18"]
[White "Buckley, Simon T"]
[Black "Milovanovic, Aleksander"]
[Result "1-0"]
[WhiteElo "2345"]
[BlackElo "2255"]
[PlyCount "69"]
[EventDate "2011.??.??"]
[WhiteTeam "White Rose 1"]
[BlackTeam "Oxford 1"]

1. c4 c5 2. Nc3 e6 3. Nf3 d5 4. cxd5 exd5 5. d4 Nc6 6. dxc5 d4 7. Na4 Bxc5 8.
Nxc5 Qa5+ 9. Qd2 Qxc5 10. a3 a5 11. b4 Qb6 12. Qg5 Nge7 13. b5 h6 14. Qxg7 Rg8
15. Qf6 Rg6 16. Qh8+ Rg8 17. Qf6 Rg6 18. Qh8+ Rg8 19. Qxh6 Qxb5 20. Qd2 Qa4 21.
Bb2 d3 22. exd3 Bf5 23. g3 Rd8 24. Be2 Bh3 25. Ng5 Bg2 26. Rg1 Bd5 27. Nh7 Rg6
28. Nf6+ Kf8 29. Nxd5 Nxd5 30. Kf1 Nf6 31. Re1 Qb3 32. Kg2 Qd5+ 33. Bf3 Qf5 34.
Rd1 Nd5 35. Be4 1-0

[Event "4NCL"]
[Site "Barcelo Hotel, Hinckley Island"]
[Date "2011.01.15"]
[Round "3.18"]
[White "White, Michael JR"]
[Black "Gourlay, Iain"]
[Result "1-0"]
[WhiteElo "2237"]
[BlackElo "2367"]
[PlyCount "59"]
[EventDate "2011.??.??"]
[WhiteTeam "Oxford 1"]
[BlackTeam "White Rose 1"]

1. e4 c5 2. Nf3 e6 3. Nc3 Nc6 4. d4 cxd4 5. Nxd4 Nf6 6. Ndb5 d6 7. Bf4 e5 8.
Bg5 a6 9. Na3 b5 10. Bxf6 gxf6 11. Nd5 Be6 12. c3 Rg8 13. Qf3 Rg6 14. h3 Bxd5
15. exd5 Ne7 16. Bd3 f5 17. Bxf5 Nxf5 18. Qxf5 Rxg2 19. Nc2 Bh6 20. h4 Rc8 21.
a4 Rc4 22. Qf3 Rgg4 23. axb5 Rgf4 24. Qd3 axb5 25. Qxh7 Qf6 26. Qg8+ Kd7 27.
Ra7+ Rc7 28. Ra8 Re4+ 29. Kf1 Qe7 30. Qb8 1-0

[Event "4NCL"]
[Site "Barcelo Hotel, Hinckley Island"]
[Date "2011.01.15"]
[Round "3.18"]
[White "Townsend, M Paul"]
[Black "Shaw, David A"]
[Result "1/2-1/2"]
[WhiteElo "2266"]
[BlackElo "2244"]
[PlyCount "41"]
[EventDate "2011.??.??"]
[WhiteTeam "White Rose 1"]
[BlackTeam "Oxford 1"]

1. d4 e6 2. Nf3 d5 3. g3 f5 4. Bg2 Nf6 5. O-O Bd6 6. c4 c6 7. Nc3 O-O 8. Qc2
Ne4 9. Rb1 Nd7 10. b4 a6 11. a4 Ndf6 12. c5 Be7 13. b5 b6 14. Ne5 cxb5 15. Nc6
Qd7 16. axb5 bxc5 17. Nxe4 Nxe4 18. Bxe4 fxe4 19. Nxe7+ Qxe7 20. Ba3 axb5 21.
Bxc5 1/2-1/2

[Event "4NCL"]
[Site "Barcelo Hotel, Hinckley Island"]
[Date "2011.01.15"]
[Round "3.18"]
[White "Eckersley-Waites, Tom"]
[Black "Gayson, Peter M"]
[Result "1-0"]
[WhiteElo "2246"]
[BlackElo "2173"]
[PlyCount "57"]
[EventDate "2011.??.??"]
[WhiteTeam "Oxford 1"]
[BlackTeam "White Rose 1"]

1. e4 c5 2. Nf3 e6 3. Nc3 a6 4. d4 cxd4 5. Nxd4 d6 6. Bd3 Nf6 7. O-O Nc6 8. Be3
Be7 9. f4 O-O 10. Qf3 Qc7 11. Rae1 Nxd4 12. Bxd4 e5 13. Nd5 Nxd5 14. exd5 exd4
15. Qe4 f5 16. Qxe7 Qc5 17. Qg5 Bd7 18. Re7 Rf7 19. Rxd7 Rxd7 20. Qxf5 Rad8 21.
Qxh7+ Kf8 22. Qh8+ Kf7 23. Qh5+ Kf8 24. Re1 g6 25. Qh6+ Kg8 26. Qxg6+ Kf8 27.
Qf6+ Kg8 28. Qg5+ Kf7 29. Re6 1-0

[Event "4NCL"]
[Site "Barcelo Hotel, Hinckley Island"]
[Date "2011.01.15"]
[Round "3.18"]
[White "Messam-Sparks, Lateefah"]
[Black "Tidman, Sophie E"]
[Result "0-1"]
[WhiteElo "1904"]
[BlackElo "2109"]
[PlyCount "76"]
[EventDate "2011.??.??"]
[WhiteTeam "White Rose 1"]
[BlackTeam "Oxford 1"]

1. d4 e6 2. c4 Nf6 3. Nc3 Bb4 4. Qc2 O-O 5. a3 Bxc3+ 6. Qxc3 b6 7. e3 Bb7 8. f3
d5 9. b4 Nbd7 10. Nh3 Rc8 11. c5 c6 12. Bd3 Re8 13. O-O e5 14. Nf2 Qe7 15. Qb3
e4 16. fxe4 dxe4 17. Nxe4 Nxe4 18. Bxe4 Qxe4 19. Qxf7+ Kh8 20. Qxd7 Ba6 21. Rf2
Rf8 22. Rxf8+ Rxf8 23. h3 Rf1+ 24. Kh2 h6 25. Qxa7 Rf2 26. Qb8+ Kh7 27. Qg3 Qc2
28. Kg1 Rf1+ 29. Kh2 bxc5 30. bxc5 Qd1 31. Qg4 Rh1+ 32. Kg3 Qe1+ 33. Kf4 Rf1+
34. Ke5 Bd3 35. e4 Qa5 36. Ke6 Rf6+ 37. Ke7 Qc7+ 38. Ke8 Kg8 0-1

[Event "4NCL"]
[Site "Barcelo Hotel, Hinckley Island"]
[Date "2011.01.16"]
[Round "4.11"]
[White "Szabo, Krisztian"]
[Black "Howell, David W L"]
[Result "1/2-1/2"]
[WhiteElo "2517"]
[BlackElo "2608"]
[PlyCount "86"]
[EventDate "2011.??.??"]
[WhiteTeam "Wood Green Hilsmark 2"]
[BlackTeam "Pride & Prejudice"]

1. e4 c6 2. d4 d5 3. exd5 cxd5 4. c4 Nf6 5. Nc3 e6 6. Nf3 Bb4 7. cxd5 Nxd5 8.
Bd2 Nc6 9. Bd3 Be7 10. O-O O-O 11. Qe2 Bf6 12. Qe4 g6 13. Bh6 Re8 14. Ne5 Bd7
15. Nxd5 exd5 16. Qxd5 Nxe5 17. dxe5 Bxe5 18. Bc4 Bxh2+ 19. Kxh2 Qh4+ 20. Kg1
Be6 21. Qxb7 Bxc4 22. Rfe1 Qxh6 23. Rxe8+ Rxe8 24. Qc6 Re2 25. Qxc4 Qd2 26. Qc5
a5 27. b3 h5 28. a4 Kh7 29. Rf1 Re4 30. Rc1 Re2 31. Rf1 Re4 32. Rc1 Rf4 33. Rf1
Rf5 34. Qe3 Qd5 35. Re1 Rg5 36. f3 Rf5 37. Qc3 Qd6 38. Re8 Qc5+ 39. Qxc5 Rxc5
40. Rb8 Rc2 41. Rb5 Rb2 42. Kh2 Kh6 43. f4 f6 1/2-1/2

[Event "4NCL"]
[Site "Barcelo Hotel, Hinckley Island"]
[Date "2011.01.16"]
[Round "4.11"]
[White "Jones, Gawain CB"]
[Black "McDonald, Neil"]
[Result "1-0"]
[WhiteElo "2593"]
[BlackElo "2460"]
[PlyCount "115"]
[EventDate "2011.??.??"]
[WhiteTeam "Pride & Prejudice"]
[BlackTeam "Wood Green Hilsmark 2"]

1. e4 e6 2. d4 d5 3. Nd2 Be7 4. Ngf3 Nf6 5. e5 Nfd7 6. Bd3 c5 7. O-O cxd4 8.
Nb3 Nc6 9. Re1 Nc5 10. Nxc5 Bxc5 11. a3 a5 12. Ng5 g6 13. Qf3 Qe7 14. Nh3 h6
15. Nf4 Rg8 16. Bf1 Bb6 17. Nd3 Bd7 18. b4 axb4 19. Rb1 Bc7 20. axb4 b6 21. b5
Na5 22. Nb4 Rc8 23. Na6 Bd8 24. Bxh6 f5 25. exf6 Qxf6 26. Bf4 g5 27. Qh5+ Qf7
28. Qxf7+ Kxf7 29. Be5 Nc4 30. Bxc4 Rxc4 31. Nb8 Ke8 32. Nxd7 Kxd7 33. Ra1 Bc7
34. Ra7 Rc8 35. g3 Rc5 36. Bxd4 Rxb5 37. Kg2 Rb4 38. c3 Rb5 39. Kh3 Ra5 40.
Rxc7+ Rxc7 41. Bxb6 Rac5 42. Bxc7 Rxc7 43. Kg4 Rxc3 44. Kxg5 Rc2 45. Rf1 d4 46.
h4 e5 47. Kf5 Re2 48. f3 d3 49. h5 d2 50. Rd1 Ke7 51. g4 Kf7 52. g5 Rg2 53. h6
Rg3 54. Rxd2 Rxf3+ 55. Kg4 Rf1 56. Rd7+ Ke6 57. Rg7 Rg1+ 58. Kf3 1-0

[Event "4NCL"]
[Site "Barcelo Hotel, Hinckley Island"]
[Date "2011.01.16"]
[Round "4.11"]
[White "Hanley, Craig A"]
[Black "Hebden, Mark L"]
[Result "1/2-1/2"]
[WhiteElo "2433"]
[BlackElo "2558"]
[PlyCount "108"]
[EventDate "2011.??.??"]
[WhiteTeam "Wood Green Hilsmark 2"]
[BlackTeam "Pride & Prejudice"]

1. e4 e5 2. Nf3 Nc6 3. d4 exd4 4. Nxd4 Nf6 5. Nxc6 bxc6 6. e5 Qe7 7. Qe2 Nd5 8.
Nd2 a5 9. c4 Nb6 10. g3 Ba6 11. b3 d5 12. exd6 cxd6 13. Bb2 Qxe2+ 14. Bxe2 d5
15. cxd5 Nxd5 16. O-O-O f6 17. Bh5+ g6 18. Bg4 Kf7 19. Ne4 Be7 20. Bf3 Rhd8 21.
Nc3 Nb4 22. Rxd8 Rxd8 23. Rd1 Nd3+ 24. Kb1 Nxf2 25. Rxd8 Bxd8 26. Bxc6 Ng4 27.
Bd5+ Kg7 28. h3 Ne3 29. Be6 Bc7 30. g4 g5 31. Bc1 Bd3+ 32. Kb2 Ng2 33. Bc4 Bg6
34. Nd5 Bd8 35. a3 Ne1 36. Be3 Be4 37. b4 axb4 38. axb4 Nd3+ 39. Kc3 Ne5 40. b5
Nd7 41. Bd4 Bg2 42. Ne3 Bxh3 43. Be6 Nb6 44. Nf5+ Kg6 45. Nd6 Bg2 46. Nc8 Na8
47. Bc5 Kg7 48. b6 Nxb6 49. Nxb6 Bxb6 50. Bxb6 Bh3 51. Kd4 h5 52. Ke4 hxg4 53.
Bc7 Bg2+ 54. Kd3 Kg6 1/2-1/2

[Event "4NCL"]
[Site "Barcelo Hotel, Hinckley Island"]
[Date "2011.01.16"]
[Round "4.11"]
[White "Emms, John M"]
[Black "Martin, Andrew D"]
[Result "1-0"]
[WhiteElo "2475"]
[BlackElo "2406"]
[PlyCount "99"]
[EventDate "2011.??.??"]
[WhiteTeam "Pride & Prejudice"]
[BlackTeam "Wood Green Hilsmark 2"]

1. e4 e5 2. Bc4 Nf6 3. d3 c6 4. Nf3 Be7 5. O-O d6 6. Re1 b5 7. Bb3 O-O 8. c3
Nbd7 9. Nbd2 a5 10. Nf1 a4 11. Bc2 Re8 12. d4 Bf8 13. Bg5 Qc7 14. Ng3 h6 15.
Be3 Nb6 16. b3 c5 17. Qe2 axb3 18. axb3 Rxa1 19. Rxa1 exd4 20. cxd4 c4 21. d5
Ng4 22. Bd4 Ne5 23. b4 Bg4 24. Qd1 Qd8 25. Ra3 Nbd7 26. Qd2 Nxf3+ 27. gxf3 Bh3
28. f4 Qh4 29. f3 g6 30. Bf2 Qd8 31. Bd4 h5 32. Qf2 Bg7 33. Bxg7 Kxg7 34. Ne2
Nf6 35. Qd4 Kg8 36. Ra7 Nd7 37. Ra1 Nf6 38. Kh1 Nd7 39. Rg1 Qh4 40. Rg3 Bf1 41.
Qf2 Bxe2 42. Rxg6+ fxg6 43. Qxh4 Bxf3+ 44. Kg1 Bxe4 45. Bxe4 Rxe4 46. Qd8+ Nf8
47. Qc7 Rxf4 48. Qxd6 Rd4 49. Qc6 Rd2 50. h4 1-0

[Event "4NCL"]
[Site "Barcelo Hotel, Hinckley Island"]
[Date "2011.01.16"]
[Round "4.11"]
[White "Sowray, Peter J"]
[Black "Ward, Chris G"]
[Result "1-0"]
[WhiteElo "2340"]
[BlackElo "2449"]
[PlyCount "111"]
[EventDate "2011.??.??"]
[WhiteTeam "Wood Green Hilsmark 2"]
[BlackTeam "Pride & Prejudice"]

1. e4 c5 2. Nf3 d6 3. d4 cxd4 4. Nxd4 Nf6 5. Nc3 g6 6. Be3 a6 7. f3 b5 8. a4 b4
9. Nd5 Nxd5 10. exd5 Bb7 11. Bc4 Qc7 12. Bb3 Bg7 13. Qd2 Nd7 14. O-O-O Nf6 15.
Ne2 Rc8 16. Bd4 O-O 17. Nf4 Bh6 18. Kb1 Bxf4 19. Qxf4 Nxd5 20. Qd2 e5 21. Bf2
Nf4 22. Bg3 Nh5 23. Qxd6 Qxd6 24. Rxd6 Nxg3 25. hxg3 Rfd8 26. Bxf7+ Kg7 27.
Rhd1 Rxd6 28. Rxd6 e4 29. Bd5 Bxd5 30. Rxd5 exf3 31. gxf3 h5 32. f4 Rc4 33. Rd6
h4 34. gxh4 Rxf4 35. Rxa6 Rxh4 36. Rb6 Re4 37. a5 Re5 38. a6 Ra5 39. Rxb4 Rxa6
40. Rb5 Kf6 41. c4 g5 42. Kc2 g4 43. Kd3 Re6 44. Kd4 Re1 45. Rb8 Kf7 46. Rb3
Rg1 47. Re3 g3 48. Kc5 Kf6 49. b4 Kf5 50. b5 Kf4 51. Re8 Rh1 52. Rf8+ Kg4 53.
Rg8+ Kf4 54. b6 Rh5+ 55. Kc6 Rh6+ 56. Kb5 1-0

[Event "4NCL"]
[Site "Barcelo Hotel, Hinckley Island"]
[Date "2011.01.16"]
[Round "4.11"]
[White "Milliet, Sophie"]
[Black "Briscoe, Chris"]
[Result "1/2-1/2"]
[WhiteElo "2375"]
[BlackElo "2226"]
[PlyCount "43"]
[EventDate "2011.??.??"]
[WhiteTeam "Pride & Prejudice"]
[BlackTeam "Wood Green Hilsmark 2"]

1. e4 c5 2. Nc3 a6 3. Nge2 d6 4. d4 cxd4 5. Nxd4 Nf6 6. Bg5 e6 7. f4 Qb6 8. Qd2
Qxb2 9. Rb1 Qa3 10. f5 Nc6 11. fxe6 fxe6 12. Nxc6 bxc6 13. Be2 Be7 14. O-O O-O
15. Kh1 Ra7 16. Be3 Rd7 17. Rb3 Qa5 18. Bb6 Qe5 19. Bd4 Qa5 20. Bb6 Qe5 21. Bd4
Qa5 22. Bb6 1/2-1/2

[Event "4NCL"]
[Site "Barcelo Hotel, Hinckley Island"]
[Date "2011.01.16"]
[Round "4.11"]
[White "Hegarty, Sarah N"]
[Black "Kilpatrick, Callum"]
[Result "0-1"]
[WhiteElo "2096"]
[BlackElo "2247"]
[PlyCount "78"]
[EventDate "2011.??.??"]
[WhiteTeam "Wood Green Hilsmark 2"]
[BlackTeam "Pride & Prejudice"]

1. e4 c5 2. Nf3 Nc6 3. d4 cxd4 4. Nxd4 e5 5. Nb5 a6 6. Nd6+ Bxd6 7. Qxd6 Qf6 8.
Qxf6 Nxf6 9. f3 d5 10. exd5 Nb4 11. Na3 Nfxd5 12. c3 Nc6 13. Nc4 Ke7 14. Ne3
Nc7 15. Bd3 g6 16. Nc4 Be6 17. Be3 Rhd8 18. Be2 b5 19. Bc5+ Kf6 20. Nd6 Rd7 21.
O-O Rad8 22. Nb7 Rb8 23. Nd6 Kg7 24. f4 exf4 25. Rxf4 Bd5 26. Bg4 f5 27. Bf3
Bxf3 28. Rxf3 Ne6 29. b4 Nxc5 30. bxc5 Re7 31. a4 bxa4 32. Rxa4 Re2 33. Rxa6
Rb1+ 34. Rf1 Rbb2 35. Ne8+ Kh6 36. Rfa1 Ne5 37. Kf1 Rf2+ 38. Kg1 Rxg2+ 39. Kf1
Rbf2+ 0-1

[Event "4NCL"]
[Site "Barcelo Hotel, Hinckley Island"]
[Date "2011.01.16"]
[Round "4.12"]
[White "Jirka, Jiri"]
[Black "Parker, Jonathan F"]
[Result "0-1"]
[WhiteElo "2424"]
[BlackElo "2531"]
[PlyCount "116"]
[EventDate "2011.??.??"]
[WhiteTeam "The AD's"]
[BlackTeam "Barbican 4NCL 1"]

1. d4 Nf6 2. c4 e6 3. g3 Bb4+ 4. Bd2 Bxd2+ 5. Qxd2 d5 6. Bg2 O-O 7. Nf3 Nbd7 8.
O-O b6 9. cxd5 exd5 10. Nc3 Bb7 11. Rac1 Qe7 12. Qf4 c6 13. Rfe1 Rfe8 14. Nh4
Nf8 15. Nf5 Qd7 16. g4 Rad8 17. Qg3 Ng6 18. Bh3 Ne7 19. Nxg7 Kxg7 20. g5 Qd6
21. gxf6+ Kxf6 22. Qxd6+ Rxd6 23. e4 Rdd8 24. e5+ Kg7 25. Ne2 Bc8 26. Bxc8 Rxc8
27. Ng3 c5 28. Rcd1 Red8 29. f4 Kg6 30. e6 f5 31. Re5 cxd4 32. Kh1 Rf8 33. Ne2
Nc6 34. Rxd5 Rfd8 35. Rb5 Kf6 36. Ng3 Ne7 37. Re5 Rc5 38. Re2 d3 39. Red2 Rcd5
40. Re1 Rc8 41. Nh5+ Kg6 42. Ng3 Rc2 43. Red1 Rxd2 44. Rxd2 Kf6 45. Kg2 Kxe6
46. Kf2 Nc6 47. Rd1 Nb4 48. a3 Nc2 49. Nf1 Rd4 50. Kg3 Kd5 51. Kf3 a5 52. Kg3
Ke4 53. h3 Rd8 54. h4 b5 55. h5 h6 56. Kf2 Kxf4 57. Nh2 Ne3 58. Rd2 Ng4+ 0-1

[Event "4NCL"]
[Site "Barcelo Hotel, Hinkley Island,"]
[Date "2011.01.16"]
[Round "4.12"]
[White "Turner, Matthew J"]
[Black "Cernousek, Lukas"]
[Result "1-0"]
[WhiteElo "2517"]
[BlackElo "2410"]
[PlyCount "71"]
[EventDate "2011.??.??"]
[WhiteTeam "Barbican 4NCL 1"]
[BlackTeam "The AD's"]

1. d4 Nf6 2. Nf3 g6 3. Nc3 d5 4. Bf4 Bg7 5. Qd2 Ne4 6. Nxe4 dxe4 7. Ne5 Nc6 8.
Nxc6 bxc6 9. e3 Rb8 10. Bc4 Be6 11. Bb3 O-O 12. Qa5 Rb5 13. Qxa7 c5 14. c4 Rxb3
15. axb3 cxd4 16. Bxc7 Qd7 17. Bb6 dxe3 18. Qxd7 exf2+ 19. Kxf2 Bxd7 20. Ra7
Be6 21. Rd1 Bxb2 22. Ke3 Bg4 23. Rd8 f5 24. Rxe7 Bc1+ 25. Kd4 e3 26. Kd5 Rxd8+
27. Bxd8 Bd2 28. h3 Bd1 29. Bb6 f4 30. h4 Bxb3 31. Bc7 e2 32. Rxe2 Be3 33. Rb2
Bd1 34. Be5 f3 35. Ke6 f2 36. Rb8# 1-0

[Event "4NCL"]
[Site "Barcelo Hotel, Hinckley Island"]
[Date "2011.01.16"]
[Round "4.12"]
[White "Richardson, John R"]
[Black "D'Costa, Lorin AR"]
[Result "1-0"]
[WhiteElo "2307"]
[BlackElo "2441"]
[PlyCount "93"]
[EventDate "2011.??.??"]
[WhiteTeam "The AD's"]
[BlackTeam "Barbican 4NCL 1"]

1. d4 Nf6 2. Nf3 e6 3. e3 b6 4. Bd3 Bb7 5. O-O d5 6. c4 Bd6 7. Nc3 O-O 8. b3
Nbd7 9. Bb2 a6 10. Rc1 Qe7 11. Ne2 Ne4 12. Ne5 f5 13. Nxd7 Qxd7 14. f3 Nf6 15.
c5 Be7 16. Qc2 bxc5 17. dxc5 c6 18. g4 Bc8 19. g5 Ne8 20. f4 a5 21. h4 Ba6 22.
Bxa6 Rxa6 23. h5 h6 24. gxh6 gxh6 25. Kh1 Bf6 26. Rg1+ Kh7 27. Rg6 Qf7 28. Rcg1
Bxb2 29. Qxb2 Nf6 30. Nd4 Re8 31. Nxc6 Rxc6 32. Qxf6 Qxf6 33. Rxf6 Rxc5 34.
Rgg6 Rc1+ 35. Kh2 Rc2+ 36. Kh3 Re2 37. Rxh6+ Kg7 38. Rhg6+ Kh8 39. Rf7 Rxe3+
40. Kh4 Rf3 41. Kg5 Rg3+ 42. Kh6 Rxg6+ 43. hxg6 Rd8 44. g7+ Kg8 45. Rc7 d4 46.
Kg6 d3 47. Rc1 1-0

[Event "4NCL"]
[Site "Barcelo Hotel, Hinckley Island"]
[Date "2011.01.16"]
[Round "4.12"]
[White "Collins, Sam E"]
[Black "Wheeler, Darren P"]
[Result "1/2-1/2"]
[WhiteElo "2436"]
[BlackElo "2236"]
[PlyCount "104"]
[EventDate "2011.??.??"]
[WhiteTeam "Barbican 4NCL 1"]
[BlackTeam "The AD's"]

1. e4 e6 2. d3 d5 3. Nd2 Nf6 4. Ngf3 b6 5. c3 Bb7 6. e5 Nfd7 7. d4 c5 8. Bb5
Nc6 9. O-O Be7 10. Re1 Qc7 11. Nf1 h6 12. Ng3 O-O-O 13. Bd2 Kb8 14. h4 a6 15.
Bd3 b5 16. Nh5 cxd4 17. cxd4 Qb6 18. a4 b4 19. a5 Nxa5 20. Nxg7 Nc4 21. Bc1 h5
22. b3 Na3 23. Bg5 Bxg5 24. Nxg5 Rhg8 25. Nxh5 Qxd4 26. g3 Nc5 27. Be2 Qb2 28.
Nxf7 Rdf8 29. Ng5 Bc8 30. Nf6 Rg7 31. Qc1 Qxc1 32. Raxc1 Nxb3 33. Rxc8+ Rxc8
34. Nxe6 Re7 35. Nxd5 Rxe6 36. Bg4 Rce8 37. Bxe6 Rxe6 38. Nxb4 a5 39. Nd5 a4
40. f4 Nc4 41. h5 a3 42. Nf6 a2 43. h6 Nd6 44. h7 Nf7 45. f5 Re7 46. e6 Nh8 47.
g4 Rg7 48. Kh2 a1=Q 49. Rxa1 Nxa1 50. g5 Nc2 51. g6 Nd4 52. Nh5 Nxf5 1/2-1/2

[Event "4NCL"]
[Site "Barcelo Hotel, Hinckley Island"]
[Date "2011.01.16"]
[Round "4.12"]
[White "Anderton, David W"]
[Black "Ferguson, Mark"]
[Result "1/2-1/2"]
[WhiteElo "2208"]
[BlackElo "2379"]
[PlyCount "100"]
[EventDate "2011.??.??"]
[WhiteTeam "The AD's"]
[BlackTeam "Barbican 4NCL 1"]

1. d4 d5 2. c4 c6 3. Nf3 Nf6 4. e3 Bf5 5. Nc3 e6 6. Nh4 Bg6 7. Be2 Nbd7 8. O-O
Ne4 9. Nxg6 hxg6 10. Nxe4 dxe4 11. f4 f5 12. g3 Be7 13. Qb3 Qc7 14. c5 Nf8 15.
Bc4 Qd7 16. a4 Kf7 17. a5 a6 18. Rf2 Nh7 19. Bd2 Nf6 20. Rg2 Rh3 21. Ra4 Nd5
22. Bxd5 exd5 23. Ra1 Rah8 24. Rf1 Ke8 25. Qd1 Kd8 26. Qe2 Kc8 27. Rff2 g5 28.
g4 gxf4 29. Rxf4 fxg4 30. Qxg4 Qxg4 31. Rfxg4 Bf6 32. R4g3 Kd7 33. Be1 Ke6 34.
Rxh3 Rxh3 35. Bg3 Rh5 36. Rf2 Rf5 37. Rxf5 Kxf5 38. h3 Bd8 39. Be1 Kg5 40. Kg2
Kh5 41. Kh2 Bg5 42. Bf2 Bd8 43. Be1 Bc7+ 44. Kg2 g6 45. Kf1 g5 46. Ke2 g4 47.
hxg4+ Kxg4 48. Bd2 Kg3 49. Be1+ Kg2 50. Bd2 Bg3 1/2-1/2

[Event "4NCL"]
[Site "Barcelo Hotel, Hinckley Island"]
[Date "2011.01.16"]
[Round "4.12"]
[White "Cox, John J"]
[Black "Snape, Ian L"]
[Result "1-0"]
[WhiteElo "2407"]
[BlackElo "2228"]
[PlyCount "94"]
[EventDate "2011.??.??"]
[WhiteTeam "Barbican 4NCL 1"]
[BlackTeam "The AD's"]

1. c4 Nf6 2. g3 g6 3. Bg2 Bg7 4. Nc3 O-O 5. Nf3 d6 6. O-O Nc6 7. d3 e5 8. Rb1
a5 9. Bg5 h6 10. Bxf6 Bxf6 11. a3 Bg7 12. b4 axb4 13. axb4 f5 14. b5 Ne7 15.
Qb3 Be6 16. Nd2 Rb8 17. Nd5 f4 18. Nxe7+ Qxe7 19. Ne4 g5 20. Ra1 g4 21. Ra7 f3
22. Bh1 h5 23. Qd1 d5 24. cxd5 Bxd5 25. exf3 Bxe4 26. dxe4 Qc5 27. Qb3+ Kh7 28.
Ra2 Rbd8 29. fxg4 hxg4 30. Rc2 Qb6 31. Bg2 c6 32. h3 gxh3 33. Bxh3 cxb5 34.
Bf5+ Kh8 35. Kg2 Rd6 36. Rh1+ Rh6 37. Rcc1 b4 38. g4 Rxh1 39. Rxh1+ Bh6 40. g5
Rg8 41. Rxh6+ Qxh6 42. Qxg8+ Kxg8 43. gxh6 Kh8 44. Be6 Kh7 45. Kg3 Kxh6 46. Kg4
Kg6 47. Bb3 b6 1-0

[Event "4NCL"]
[Site "Barcelo Hotel, Hinckley Island"]
[Date "2011.01.16"]
[Round "4.12"]
[White "Swindells, Jonathan E"]
[Black "Knott, Simon JB"]
[Result "1/2-1/2"]
[WhiteElo "2170"]
[BlackElo "2333"]
[PlyCount "65"]
[EventDate "2011.??.??"]
[WhiteTeam "The AD's"]
[BlackTeam "Barbican 4NCL 1"]

1. e4 e6 2. Nc3 d5 3. d3 Nf6 4. Bd2 c5 5. f4 Nc6 6. Nf3 Be7 7. g3 O-O 8. Bg2 b5
9. Ne5 Bb7 10. Nxc6 Bxc6 11. e5 Ne8 12. Qe2 Nc7 13. O-O f5 14. exf6 Bxf6 15.
Rae1 Qd7 16. Nd1 Rae8 17. Qh5 g6 18. Qh3 b4 19. c3 bxc3 20. bxc3 Nb5 21. Rf2
Re7 22. g4 d4 23. c4 Nc3 24. Bxc6 Qxc6 25. f5 Nxd1 26. Rxd1 exf5 27. gxf5 Qd7
28. Qg2 Ref7 29. fxg6 Rg7 30. Kh1 Rxg6 31. Qe4 Bg7 32. Rxf8+ Bxf8 33. Rg1
1/2-1/2

[Event "4NCL"]
[Site "Barcelo Hotel, Hinckley Island"]
[Date "2011.01.16"]
[Round "4.12"]
[White "Lauterbach, Ingrid"]
[Black "Bellin, Jana"]
[Result "1/2-1/2"]
[WhiteElo "2109"]
[BlackElo "2137"]
[PlyCount "40"]
[EventDate "2011.??.??"]
[WhiteTeam "Barbican 4NCL 1"]
[BlackTeam "The AD's"]

1. e4 c5 2. Nf3 e6 3. d4 cxd4 4. Nxd4 a6 5. Bd3 Nf6 6. O-O d6 7. c4 Be7 8. Nc3
O-O 9. Kh1 Qc7 10. f4 Nc6 11. Qe2 Rd8 12. Be3 b6 13. Rac1 Bb7 14. Bb1 Rac8 15.
b3 Re8 16. Nf3 Qb8 17. Bg1 Nh5 18. Nd4 g6 19. f5 Bg5 20. Rcd1 Ne5 1/2-1/2

[Event "4NCL"]
[Site "Barcelo Hotel, Hinckley Island"]
[Date "2011.01.16"]
[Round "4.13"]
[White "Arkell, Keith C"]
[Black "Bates, Richard A"]
[Result "0-1"]
[WhiteElo "2412"]
[BlackElo "2370"]
[PlyCount "122"]
[EventDate "2011.??.??"]
[WhiteTeam "Cheddleton 1"]
[BlackTeam "Betsson.com"]

1. d4 Nf6 2. Nf3 g6 3. c4 Bg7 4. g3 O-O 5. Bg2 d6 6. O-O Nbd7 7. d5 Nb6 8. Nbd2
e6 9. dxe6 Bxe6 10. Nd4 Bc8 11. Rb1 a5 12. b3 a4 13. Bb2 Re8 14. e4 axb3 15.
axb3 h5 16. Ra1 Rxa1 17. Qxa1 h4 18. Re1 hxg3 19. hxg3 Nbd7 20. Qb1 c6 21. N4f3
Ng4 22. Bxg7 Kxg7 23. Qa1+ Qf6 24. Qxf6+ Ngxf6 25. Nd4 Nc5 26. b4 Nd3 27. Rb1
c5 28. Nc2 cxb4 29. Nxb4 Nc5 30. f3 Be6 31. Ra1 Nfd7 32. Nc2 Ne5 33. Ne3 Nc6
34. Ra3 Nd4 35. Kf2 Rb8 36. Bf1 f5 37. exf5 gxf5 38. Ng2 Kf6 39. Nf4 Bf7 40.
Ra1 Rc8 41. Ra7 Rc6 42. Nd5+ Bxd5 43. cxd5 Rb6 44. Ra2 Rb4 45. Ke3 f4+ 46. gxf4
Nf5+ 47. Kf2 Rxf4 48. Rb2 Ke5 49. Nc4+ Kxd5 50. Na5 Nd4 51. Nxb7 Ne4+ 52. Kg2
Nxf3 53. Be2 Nfd2 54. Kg1 Rf6 55. Na5 Kd4 56. Nb3+ Ke3 57. Nxd2 Nxd2 58. Ba6 d5
59. Ra2 Rg6+ 60. Kh2 Nf3+ 61. Kh3 Kf4 0-1

[Event "4NCL"]
[Site "Barcelo Hotel, Hinckley Island"]
[Date "2011.01.16"]
[Round "4.13"]
[White "Hunt, Adam C"]
[Black "Gormally, Daniel W"]
[Result "0-1"]
[WhiteElo "2436"]
[BlackElo "2484"]
[PlyCount "52"]
[EventDate "2011.??.??"]
[WhiteTeam "Betsson.com"]
[BlackTeam "Cheddleton 1"]

1. e4 Nf6 2. e5 Nd5 3. d4 d6 4. Nf3 Bg4 5. Be2 e6 6. O-O Be7 7. c4 Nb6 8. exd6
cxd6 9. Nc3 O-O 10. b3 Nc6 11. Be3 d5 12. c5 Nc8 13. Rb1 Bf6 14. b4 a6 15. a4
N8e7 16. b5 axb5 17. axb5 Na5 18. Na4 Bxf3 19. Bxf3 Nc4 20. Be2 Nxe3 21. fxe3
Bg5 22. Rf3 Nf5 23. Kf2 Nh4 24. Rh3 Qf6+ 25. Kg1 Rxa4 26. Qxa4 Qg6 0-1

[Event "4NCL"]
[Site "Barcelo Hotel, Hinckley Island"]
[Date "2011.01.16"]
[Round "4.13"]
[White "Hawkins, Jonathan"]
[Black "Ansell, Simon T"]
[Result "1-0"]
[WhiteElo "2429"]
[BlackElo "2423"]
[PlyCount "67"]
[EventDate "2011.??.??"]
[WhiteTeam "Cheddleton 1"]
[BlackTeam "Betsson.com"]

1. d4 d5 2. c4 c6 3. Nf3 Nf6 4. Qc2 g6 5. Bf4 dxc4 6. Qxc4 Bg7 7. e3 O-O 8.
Nbd2 Nbd7 9. Be2 c5 10. O-O Nh5 11. Be5 cxd4 12. Bxd4 e5 13. Bc3 Nb6 14. Qb5
Bd7 15. Qa5 f6 16. Bb4 Rf7 17. Nc4 Be6 18. Rfd1 Rd7 19. Nd6 Qb8 20. Rd2 Bf8 21.
Rad1 Qc7 22. Nb5 Qc6 23. Bxf8 Rxd2 24. Nxd2 Kxf8 25. Nxa7 Qc7 26. Ne4 Qc2 27.
Qb4+ Kg7 28. Bxh5 gxh5 29. Qe7+ Bf7 30. Qxf6+ Kg8 31. Qg5+ Bg6 32. Rd8+ Rxd8
33. Qxd8+ Kg7 34. Qe7+ 1-0

[Event "4NCL"]
[Site "Barcelo Hotel, Hinckley Island"]
[Date "2011.01.16"]
[Round "4.13"]
[White "Ledger, Andrew J"]
[Black "Bellin, Robert"]
[Result "1-0"]
[WhiteElo "2429"]
[BlackElo "2367"]
[PlyCount "59"]
[EventDate "2011.??.??"]
[WhiteTeam "Betsson.com"]
[BlackTeam "Cheddleton 1"]

1. d4 Nf6 2. Nf3 e6 3. c4 b6 4. a3 d5 5. cxd5 exd5 6. Bf4 Bd6 7. Bxd6 Qxd6 8.
e3 O-O 9. Nc3 c5 10. Be2 Rd8 11. O-O Ba6 12. Rc1 Bxe2 13. Qxe2 Nbd7 14. Rfd1 c4
15. b3 Rdc8 16. bxc4 Rxc4 17. Nd2 Rcc8 18. Qa6 Ne8 19. Nb5 Qb8 20. Nf3 Nc7 21.
Nxc7 Rxc7 22. Qb5 Nf6 23. Ne5 Qb7 24. g4 h6 25. h4 g5 26. hxg5 hxg5 27. Rxc7
Qxc7 28. Qb1 Rc8 29. Qf5 Nh7 30. Kg2 1-0